<?xml version="1.0" encoding="UTF-8"?>
<collection xmlns:xsi="http://www.w3.org/2001/XMLSchema-instance" xsi:schemaLocation="http://www.loc.gov/MARC21/slim http://www.loc.gov/standards/marcxml/schema/MARC21slim.xsd" xmlns="http://www.loc.gov/MARC21/slim">
 <record>
  <leader>00000cam a22000004i 4500</leader>
  <controlfield tag="001">UP-99796217612712009</controlfield>
  <controlfield tag="003">Buklod</controlfield>
  <controlfield tag="005">20180313131956.0</controlfield>
  <controlfield tag="006">t    grm    00| u|</controlfield>
  <controlfield tag="007">ta</controlfield>
  <controlfield tag="008">180313s2015    xx     d     r    |||| u|</controlfield>
  <datafield tag="020" ind1=" " ind2=" ">
   <subfield code="a">9780415736565 (paperback)</subfield>
  </datafield>
  <datafield tag="035" ind1=" " ind2=" ">
   <subfield code="a">(iLib)UPD-00360915346</subfield>
  </datafield>
  <datafield tag="040" ind1=" " ind2=" ">
   <subfield code="a">DLC</subfield>
   <subfield code="d">DEDUC</subfield>
   <subfield code="e">rda</subfield>
  </datafield>
  <datafield tag="041" ind1=" " ind2=" ">
   <subfield code="a">eng</subfield>
  </datafield>
  <datafield tag="042" ind1=" " ind2=" ">
   <subfield code="a">DMLUC</subfield>
  </datafield>
  <datafield tag="090" ind1=" " ind2=" ">
   <subfield code="a">LC 71</subfield>
   <subfield code="b">E33 2015</subfield>
  </datafield>
  <datafield tag="245" ind1="0" ind2="0">
   <subfield code="a">Education policy and contemporary theory</subfield>
   <subfield code="b">implications for research</subfield>
   <subfield code="c">edited by Kalervo N. Gulson, Matthew Clarke and Eva Bendix Petersen.</subfield>
  </datafield>
  <datafield tag="264" ind1=" " ind2="1">
   <subfield code="a">London</subfield>
   <subfield code="b">Routledge</subfield>
   <subfield code="c">2015.</subfield>
  </datafield>
  <datafield tag="300" ind1=" " ind2=" ">
   <subfield code="a">xi, 243 pages</subfield>
   <subfield code="c">24 cm</subfield>
  </datafield>
  <datafield tag="336" ind1=" " ind2=" ">
   <subfield code="a">text</subfield>
   <subfield code="2">rdacontent</subfield>
  </datafield>
  <datafield tag="337" ind1=" " ind2=" ">
   <subfield code="a">unmediated</subfield>
   <subfield code="2">rdamedia</subfield>
  </datafield>
  <datafield tag="338" ind1=" " ind2=" ">
   <subfield code="a">volume</subfield>
   <subfield code="2">rdacarrier</subfield>
  </datafield>
  <datafield tag="504" ind1=" " ind2=" ">
   <subfield code="a">Includes bibliographical references and index.</subfield>
  </datafield>
  <datafield tag="505" ind1="0" ind2=" ">
   <subfield code="a">Introduction : policy, theory, methodology / Kalervo N. Gulson, Matthew Clarke, and Eva Bendix Petersen -- Bourdieu and doing policy sociology in education / Shaun Rawolle and Bob Lingard -- Michel de Certeau, everyday life and cultural policy studies in education / Sue Saltmarsh -- Repeating Deleuze and Guattari : towards a politics of method in education policy studies / Sam Sellar -- Derrida : the impossibility of deconstructing educational policy enactment / Greg Vass -- Education policies as discursive formations : a Foucauldian optic / Eva Bendix Petersen -- Lacanian perspectives on education policy analysis / Matthew Clarke -- Situated, relational and practice-oriented : the actor-network theory approach / Radhika Gorur -- Thinking educational policy and management through (frictional) concepts of affects / Dorthe Staun and Justine Gr²nbaek Pors -- Assemblage theory and education policy sociology / Deborah Youdell -- Counterpublics, crisis and critique : a feminist socio-historical approach to researching policy / Jessica Gerrard -- Embodying policy studies : feminist genealogy as methodology / Wanda S. Pillow -- Governmentality : Foucault's concept for our modern political reasoning / Kaspar Villadsen -- Taking a &quot;material turn&quot; in education policy research? / Stephen Heimans -- Mobilities paradigm and policy research in education / Fazal Rizvi -- A narrative approach to policy analysis / Peter Bansel -- Queer theory, policy and education / Mary Lou Rasmussen and Christina Gowlett -- Thinking rhizomatically : using Deleuze in education policy contexts / Eileen Honan -- Relational space and education policy analysis / Kalervo N. Gulson.</subfield>
  </datafield>
  <datafield tag="520" ind1=" " ind2=" ">
   <subfield code="a">&quot;This book aims to posit theory as a central component to the study of education and education policy. Providing clear, introductory entries into contemporary critical theories and their take up in education policy studies, the book offers a generative invitation to further reading, thought and exploration. Instead of prescribing how theory should be used, the contributors elaborate on a set of possibilities for researching and critiquing education policy. Education Policy and Contemporary Theory explores examples of how theoretical approaches generate a variety of questions for policy analysis, demonstrating the importance of theory as a necessary and inevitable resource for exploring and contesting various policy realms and dominant discourses. Each chapter provides a short overview of key aspects of a particular theory or perspective, followed by suggestions of methodological implications and recommended readings to extend the outlined ideas. Organized around two parts, the first section focuses on theorists while the second section looks at specific theories and concepts, with the intention that each part makes explicit the connection between theory and methodology in relation to education policy research. Each contribution is carefully written by experts in the field to introduce new scholars to theoretical concepts and policy questions, and to inspire, extend or challenge established policy researchers who may be considering working in new areas&quot;--Provided by publisher.</subfield>
  </datafield>
  <datafield tag="650" ind1=" " ind2="0">
   <subfield code="a">Education and state</subfield>
   <subfield code="x">Philosophy.</subfield>
  </datafield>
  <datafield tag="650" ind1=" " ind2="0">
   <subfield code="a">Educational change</subfield>
   <subfield code="x">Philosophy.</subfield>
  </datafield>
  <datafield tag="650" ind1=" " ind2="0">
   <subfield code="a">Education</subfield>
   <subfield code="x">Research.</subfield>
  </datafield>
  <datafield tag="700" ind1="1" ind2=" ">
   <subfield code="a">Gulson, Kalervo N.</subfield>
   <subfield code="e">editor of compilation.</subfield>
  </datafield>
  <datafield tag="700" ind1="1" ind2=" ">
   <subfield code="a">Clarke, Matthew</subfield>
   <subfield code="d">1964-</subfield>
   <subfield code="e">editor of compilation.</subfield>
  </datafield>
  <datafield tag="700" ind1="1" ind2=" ">
   <subfield code="a">Bendix Petersen, Eva</subfield>
   <subfield code="e">editor of compilation.</subfield>
  </datafield>
  <datafield tag="905" ind1=" " ind2=" ">
   <subfield code="a">FO</subfield>
  </datafield>
  <datafield tag="852" ind1="0" ind2=" ">
   <subfield code="a">UPD</subfield>
   <subfield code="b">DEDUC</subfield>
   <subfield code="h">LC 71</subfield>
   <subfield code="i">E33 2015</subfield>
  </datafield>
  <datafield tag="942" ind1=" " ind2=" ">
   <subfield code="a">Book</subfield>
  </datafield>
 </record>
</collection>
